000
00300nam a2200145Ia 4500
100
_a
Kainthla/Anita
650
_a
Biography
942
_c
BK
366
_f
20
654
_a
baba amte
245
_a
Baba Amte:A Biography
260
_b
Viva Books
_a
Mumbai
_c
2005
300
_a
191
546
_a
ENGLISH
999
_c
22762
_d
22762